| 000 | 01043nam a22002537a 4500 | ||
|---|---|---|---|
| 005 | 2010031104284.0 | ||
| 008 | 100311t xxu||||| |||| 00| 0 hin d | ||
| 010 | _aHIN-89088 | ||
| 020 |
_c120.00 _a8186065504 |
||
| 035 | _aHN-61434 | ||
| 037 | _bDBAD / PUB | ||
| 040 |
_aDPL _bHN |
||
| 082 | _a821 | ||
| 100 |
_aअनूप अशेष _94738 |
||
| 245 |
_aसफर नंगे पाँव का / _cअनूप अशोष |
||
| 246 |
_aSafar Nange Panv ka/ _bby Anup ashesh |
||
| 260 |
_aइलाहाबाद _bअनुभूति प्रकाशन _c2009 |
||
| 270 |
_a53, करनपुर, प्रयाग स्टेशन _bइलाहाबाद _e211002 |
||
| 300 |
_a88पृ _c22सेमी (सजिल्द) |
||
| 650 |
_aहिन्दी कविता _9697 |
||
| 650 |
_aHindi poetry _9698 |
||
| 942 |
_2ddc _cHN _mअनूप |
||
| 999 |
_c34578 _d34578 |
||